Az átöröklés problémája [2. rész]
Elmentve itt :
| Szerző: | |
|---|---|
| Adatforrás: | Philobibl |
| Forrásdokumentuma: | Bölcselti Folyóirat 9.1894. p. 422-451. |
| Dokumentumtípus: | Cikk |
| Nyelv: | magyar |
| LEADER | 00295nab a2200097 c 4500 | ||
|---|---|---|---|
| 001 | bibPHI0032467 | ||
| 005 | 20200924123034.6 | ||
| 008 | 080922s1894 hu hun | ||
| 100 | 1 | |a Kozáry Gyula | |
| 245 | 1 | 3 | |a Az átöröklés problémája [2. rész] |c Kozáry Gyula |
| 773 | 0 | |t Bölcselti Folyóirat |g 9.1894. p. 422-451. | |